Participación : una mirada desde los jóvenes. Lo Hermida, Peñalolén /

La participación juvenil en espacios formales hoy en día, tanto en la comuna de Peñalolén como en otras comunas del país, ha mostrado una disminución de forma progresiva, que refleja por un lado un cambio en la percepción de los jóvenes de éstas instancias de participación, ya que no se tiene el mis...

Full description

Bibliographic Details
Main Author: González Peña, Karina
Other Authors: Aguilera Escobar, Yiriam, Ahumada Cabello, Rodrigo (profesor guía)
Format: Tesis
Language:Spanish
Published: Santiago, Chile Universidad Academia de Humanismo Cristiano 2010
Subjects:
Online Access:Disponible en línea (PDF). Biblioteca Digital UAHC

MARC

LEADER 00000nmm a2200000 a 4500
001 048680
003 UAHC_CL
005 20210909180348.0
008 101228s2010 cl 000 spa
952 |0 0  |1 0  |4 0  |6 TTRASO_310_000000000000000  |7 0  |8 BAS  |9 87276  |a BC  |b BC  |c Referencia  |d 2017-08-03  |l 0  |o TTRASO 310  |p 1381133  |r 2019-01-02 00:00:00  |t 1  |w 2017-08-03  |y TS 
999 |c 48680  |d 48680 
040 |a UAHC_CL  |c UAHC_CL  |d UAHC_CL 
100 1 |a González Peña, Karina 
245 1 0 |a Participación :  |b una mirada desde los jóvenes. Lo Hermida, Peñalolén /  |c Karina González Peña, Yiriam Aguilera Escobar ; profesor guía Rodrigo Ahumada Cabello. 
260 |c 2010  |b Universidad Academia de Humanismo Cristiano  |a Santiago, Chile 
300 |a 1 cd rom 
500 |a Tesis para optar al título de Asistente Social y al grado de Licenciado en Trabajo Social. 
502 |a Tesis (Asistente Social) -Universidad Academia de Humanismo Cristiano, 2009. 
516 |a Tesis electrónica (PDF) 
520 |a La participación juvenil en espacios formales hoy en día, tanto en la comuna de Peñalolén como en otras comunas del país, ha mostrado una disminución de forma progresiva, que refleja por un lado un cambio en la percepción de los jóvenes de éstas instancias de participación, ya que no se tiene el mismo significado e importancia y por otro lado refleja el cambio que ha producido el avance tecnológico, y la propia evolución del ser humano. 
650 4 |a JOVENES  |x PARTICIPACION CIUDADANA 
653 |a TRABAJO SOCIAL 
700 1 |a Aguilera Escobar, Yiriam 
700 1 |a Ahumada Cabello, Rodrigo  |e profesor guía 
856 |u http://bibliotecadigital.academia.cl/xmlui/handle/123456789/2402  |y Disponible en línea (PDF). Biblioteca Digital UAHC 
900 |a TTRASO 310 
942 |c TS